000 00545nam a2200169 i 4500
001 83326
003 ES-MaACL
005 20230906174818.0
007 t|
008 041112s1974 sp ||||1| spa d
245 0 0 _aEstadística de préstamos hipotecarios
_b: 1973 /
_cInstituto Nacional de Estadística.
260 _a[Madrid :
_bs.n.,
_c1974]
300 _a35 p. ;
_c27 cm.
650 4 _aHipotecas-
_zEspaña-
_vEstadísticas.
_9164629
710 2 _aInstituto Nacional de Estadística (España)
_95162
852 _aES-MaACL
_j2094-F-22
_bR.91510
999 _c83326
_d83326